Early modern humans from Předmostí near Přerov, Czech Republic a new reading of old documentation

Podrobná bibliografia
Ďalší autori: Velemínská, Jana, 1966- (Editor), Brůžek, Jaroslav, 1949- (Editor), Šefčáková, Alena, 1957-
Médium: Kniha
Jazyk:angličtina
Fyzický popis:398 s. ilustr., faksim. 29 cm
Vydavateľské údaje: Praha Academia 2008
ISBN:9788020015860
Vydanie:1st. ed.
Predmet:

MARC

LEADER 00000nam a2200000 a 4500
001 vtls009305935
003 SK-MaSNL
005 20260301081700.0
008 180927s2008 xr ah f n 000 0 eng
015 |a SNBZSA2009-00277 
020 |a 9788020015860  |q (viaz.) 
035 |a 6E9AEABB-A03E-4570-AEDB-3DB91DDE394F 
035 |a urn:nbn:sk:snk-am3h6t6 
035 |a urn:nbn:sk:snk-am00cmkg 
040 |a SNK  |b slo  |c SNK  |e AACR2 
041 |a eng 
043 |a e-xr--- 
044 |a xr  |c CZ 
072 7 |a 572  |x Antropológia  |2 konspekt 
080 |a 572.71/.781:902  |2 2001 
080 |a 572:569.89  |2 2001 
080 |a (437.325)  |2 2001 
080 |a (048.8)  |2 2001 
080 |a 569.89  |2 2001 
245 0 0 |a Early modern humans from Předmostí near Přerov, Czech Republic  |b a new reading of old documentation  |c Jana Velemínská and Jaroslav Brůžek (eds.) 
250 |a 1st. ed. 
260 |a Praha  |b Academia  |c 2008 
300 |a 398 s.  |b ilustr., faksim.  |c 29 cm 
500 |a Obsahuje aj: Geometric analysis of the variability in skull shape of individuals from Předmostí and comparison with modern populations from the methodological point of view / Alena Šefčáková, Stanislav Katina 
504 |a Bibliogr. odkazy 
650 0 7 |a kostrové pozostatky človeka  |2 SNKPH  |9 75827 
650 0 7 |a paleoantropológia  |2 SNKPH  |9 74974 
650 0 7 |a človek neandertálsky  |2 SNKPH  |9 79361 
651 7 |a Předmostí (Přerov, Česko)  |2 SNKPH  |9 112385 
655 7 |a štúdie  |2 SNKPH  |9 57033 
700 1 |a Velemínská, Jana,  |d 1966-  |4 edt  |9 99767 
700 1 |a Brůžek, Jaroslav,  |d 1949-  |4 edt  |9 405366 
700 1 |a Šefčáková, Alena,  |d 1957-  |t Geometric analysis of the variability in skull shape of individuals from Předmostí and comparison with modern populations from the methodological point of view  |9 405367 
919 |a 978-80-200-1586-0 
958 |a ZS 
958 |a CZ 
958 |a NB 
999 |c 656549  |d 658479 
952 |a SNK  |b SNK  |y PREZ  |7 0  |p 17A0601542  |o snkSB 76813  |i snk2008/19619  |8 4  |g 34.29  |0 0  |1 0  |4 0  |d 2008-06-26  |f 1  |l 0  |r 2025-04-25 00:00:00  |w 2026-02-23 
952 |a SNK  |b SNK  |y VYP  |7 0  |p 17A0628359  |o snkSB 76813 D1  |i snk2009/14972  |8 4  |g 24.54  |0 0  |1 0  |4 0  |d 2009-08-05  |l 0  |r 2016-06-30 00:00:00  |w 2026-02-23